| 000 | 00515cam a2200157 4500500 | ||
|---|---|---|---|
| 005 | 20251228090925.0 | ||
| 041 | _afre | ||
| 042 | _adc | ||
| 100 | 1 | 0 |
_aPailloux, Louis _eauthor |
| 700 | 1 | 0 |
_aFaguer, Nicolas _eauthor |
| 245 | 0 | 0 | _aPages de début |
| 260 | _c2020. | ||
| 500 | _a26 | ||
| 786 | 0 | _nBulletin de l’Amitié Charles Péguy | 171 | 3 | 2020-04-30 | p. 216-216 | 0180-8567 | |
| 856 | 4 | 1 | _uhttps://shs.cairn.info/revue-bulletin-de-lamitie-charles-peguy-2020-3-page-216?lang=fr&redirect-ssocas=7080 |
| 999 |
_c1602896 _d1602896 |
||